000 01053nam a22002897a 4500
999 _c14852
_d14852
003 AR-CdUCM
008 190424b ||||| |||| 00| 0 spa d
020 _a978-84-9825-579-9
040 _aMUNICIPALIDAD PROVINCIAL DEL CUSCO
_cBIBLIOTECA MUNICIPAL DEL CUSCO
041 _hspa
082 _aES / 376.1 /
_bI41
100 _aImma Pla
_933787
245 _aCinco aventuras auténticas de atletas, nadadores, alpinistas, exploradores y astronautas intrépidos /
260 _aBarcelona :
_bCombel,
_c2011.
300 _a62 páginas ;
_bIlustraciones, fotografías,
_c30 cm.
440 _aHistorias increíbles
_n2
_933788
505 _aContenido: Cinco aventuras auténticas de atletas, nadadores, alpinistas, exploradores y astronautas intrépidos.
650 _aHistorias infantiles
_933789
650 _aAtletas
_933790
650 _aNadadores
_933791
650 _aAlpinistas
_933792
650 _aExploradores
_926772
650 _aAstronautas
_933793
700 _aMontse Ganges
_933794
942 _2ddc
_cLIBROS
945 _acmm
_d2019-04-24